LEADER 01136nam1-2200361---450- 001 990003672380203316 005 20120622123401.0 035 $a000367238 035 $aUSA01000367238 035 $a(ALEPH)000367238USA01 035 $a000367238 100 $a20120622g----9999km-y0itay50------ba 101 0 $aita 102 $aIT 105 $a||||||||001yy 200 1 $aCarta topografica d'Italia 1:25.000, serie 25$fIstituto geografico militare 210 $aFirenze$cIstituto geografico militare 215 $a1 carta in 2298 fogli$ccolor. 606 0 $aItalia$xCarte topografiche$2BNCF 676 $a912.45 712 02$aIstituto geografico militare 801 0$aIT$bsalbc$gISBD 912 $a990003672380203316 951 $aIII.1. /1-2-3$bL.M.$cIII.1. 959 $aBK 969 $aUMA 979 $aPASSARO$b90$c20120622$lUSA01$h1153 979 $aPASSARO$b90$c20120622$lUSA01$h1223 979 $aPASSARO$b90$c20120622$lUSA01$h1224 979 $aPASSARO$b90$c20120622$lUSA01$h1233 979 $aPASSARO$b90$c20120622$lUSA01$h1234 996 $aCarta topografica d'Italia 1:25.000, serie 25$91141384 997 $aUNISA LEADER 01095nam a22002531i 4500 001 991002468339707536 005 20040321194621.0 008 040407s1953 fr |||||||||||||||||fre 035 $ab12927429-39ule_inst 035 $aARCHE-090703$9ExL 040 $aDip.to Scienze Storiche$bita$cA.t.i. Arché s.c.r.l. Pandora Sicilia s.r.l. 082 04$a551.4820 110 2 $aUNESCO$013162 245 10$aActes du colloque d'Ankara sur l'hydrologie de la zone aride /$corganisé conjointement par le gouvernement turc et l'Organisation des Nations Unies pour l'éducation, la science et la culture 260 $a[Paris] :$bUNESCO,$cstampa 1953 300 $a279 p. ;$c27 cm 440 0$aProgramme de la zone aride 650 4$aIdrologia$xCongressi 907 $a.b12927429$b02-04-14$c16-04-04 912 $a991002468339707536 945 $aLE009 GEOG.06-25$g1$i2009000168992$lle009$o-$pE0.00$q-$rn$so $t0$u0$v0$w0$x0$y.i1350115x$z16-04-04 996 $aActes du colloque d'Ankara sur l'hydrologie de la zone aride$9304243 997 $aUNISALENTO 998 $ale009$b16-04-04$cm$da $e-$ffre$gfr $h0$i1 LEADER 01338nam a22002891i 4500 001 991003113599707536 005 20040606135246.0 008 040624m19641965ne |||||||||||||||||ger 035 $ab1302596x-39ule_inst 035 $aARCHE-098364$9ExL 040 $aDip.to Beni Culturali$bita$cA.t.i. Arché s.c.r.l. Pandora Sicilia s.r.l. 082 04$a739.2709 100 1 $aFurtwängler, Adolf$0399347 245 14$aDie antiken Gemmen :$bGeschichte der Steinschneidekunst im klassischen Altertum /$cvon Adolf Furtwängler 250 $aRist. anast. 260 $aAmsterdam :$bHakkert ;$aOsnabrück :$bZeller,$c1964-1965 300 $av. ;$c32 cm 500 $aRist. dell ed.: Leipzig ;Berlin : Giesecke & Devrient, 1900 650 4$aGemme$xAntichità$xStoria 907 $a.b1302596x$b02-04-14$c12-07-04 912 $a991003113599707536 945 $aLE001 AR VI 21 4$g1$i2001000117987$lle001$nV. 1. - C. 1$o-$pE0.00$q-$rl$s- $t0$u0$v0$w0$x0$y.i13639614$z12-07-04 945 $aLE001 AR VI 21a 4$g1$i2001000117970$lle001$nV. 2. - C. 1$o-$pE0.00$q-$rl$s- $t0$u0$v0$w0$x0$y.i13639626$z12-07-04 945 $aLE001 AR VI 21b 4$g1$i2001000117963$lle001$nV. 3. - C. 1$o-$pE0.00$q-$rl$s- $t0$u0$v0$w0$x0$y.i13639638$z12-07-04 996 $aAntiken Gemmen$9288163 997 $aUNISALENTO 998 $ale001$b12-07-04$cm$da $e-$fger$gne $h4$i3